1 to 40 15 seconds - Statistics

General Stats
  • This quiz has been taken 57 times
  • The average score is 32 of 40
Answer Stats
Answer % Correct
1
100%
10
95%
11
95%
12
95%
13
95%
2
95%
22
95%
3
95%
4
95%
5
95%
6
95%
7
95%
8
95%
9
95%
14
90%
15
90%
16
90%
17
90%
18
90%
19
90%
20
90%
21
90%
23
90%
24
90%
25
85%
26
85%
27
85%
28
85%
29
80%
30
60%
31
50%
33
50%
32
45%
34
45%
35
45%
36
45%
37
45%
38
45%
39
40%
40
40%
No matching quizzes found
Score Distribution
Percent of People with Each Score
Percentile by Number Answered
Your Score History
You have not taken this quiz